Statistiken für Flaggen der Länder, die mit A beginnen

Klicken Sie hier um das Quiz zu spielen!

Allgemein

  • Dieses Quiz wurde 3.274 mal gespielt
  • Das Durchschnittsergebnis liegt bei 11 aus 13

Antwortstatistiken

Answer% Korrekt
Albanien
98%
Australien
95%
Argentinien
95%
Andorra
89%
Algerien
87%
Ägypten
86%
Aserbaidschan
85%
Armenien
83%
Angola
80%
Afghanistan
76%
Äthiopien
70%
Antigua und Barbuda
69%
Äquatorial-Guinea
48%

Verteilung der Resultate

Perzentil nach korrekt beantworteten Fragen

Anzahl Personen mit jedem Resultat

Ihre Resultats-Entwicklung

Sie haben dieses Quiz noch nicht gespielt